000 01050nam0a22002651 4500
001 rc\3174921
005 20250530090747.0
021 _aRU
_b[76-18746]
035 _a(NLR Aleph) 007330248
090 _a6001906
_c6001906
100 _a20120615d1976 |||y0rusy50 ca
101 0 _arus
102 _aRU
105 _aa z |||||
200 1 _aТеория инженерной специализации
_eОрг.-технол. проектирование инж. деятельности и систем подгот. и повышения квалификации инженеров-строителей
_fГ.Л. Таукач
210 _aКиев
_cВища школа
_d1976
215 _a126 с.
_cил.
_d21
320 _aСписок лит.: с. 122-125 (71 назв.)
606 _aИнженеры и техники строительства
_2psbo
700 1 _aТаукач
_bГ.Л.
_gГеоргий Леонидович
801 0 _aRU
_bNLR
_gpsbo
801 1 _aRU
_bELAR
_2rusmarc
852 _aNLR
_j76-5/2629
942 _cBOOK
980 _aNB